000 01195cam a2200349I 4500
001 78769
005 20230410102148.0
008 920608s1943 dr f 000 0 spa
010 _a 44022697
035 _a(OCoLC)ocm25973155
040 _aDLC
_cRQP
_dRQP
_dOCLCQ
029 1 _aAU@
_b000027868055
035 _a(OCoLC)25973155
043 _anwdr---
050 1 4 _a118 PQ 7409
_bF727p 1943
082 0 0 _aRD864.44
100 1 _aForné Farreres, José,
_d1916-
245 1 0 _aPaisaje y acento;
_bimpresiones de un español en la República dominicana /
_cJosé Forne Farreres; Portada y grabados de Alloza.
260 _a[Ciudad Trujillo] :
_bEdiciones La Opinión,
_c1943.
300 _a2 p. l., [7]-164 p., 1 l. incl. plates.
_c23 cm.
650 4 _aEnsayos dominicanos.
650 4 _aLiteratura dominicana.
650 4 _aRepública Dominicana
_xDescripciones y viajes.
650 4 _aRepública Dominicana
_xVida social y costumbres.
651 0 _aDominican Republic
_xDescription and travel.
651 0 _aDominican Republic
_xSocial life and customs.
650 4 _aCES
650 4 _aColección Enriquillo Sánchez
942 _2lcc
_cbk
946 _aPP
994 _aC0
_bDRFGD
999 _c20251
_d20251